000 00554nam a2200181Ia 4500
003 GCL
008 140319s9999 xx 000 0 ara d
040 _aGCL /
_cGCL
082 0 4 _a415.1
_bع ف
100 1 _aعصام نورالدين
245 1 0 _aالفعل بناؤةواعرابه /
_cعصام نورالدين
260 _a[S.N] :
_bدار الفكر اللبنانى ،
_c1992
300 _a1997 ص
490 _aدروس فى التطبيق النحوى
_v0
650 0 4 _aالنحو
650 0 4 _aاللغة العربية
942 _2ddc
_cBK
999 _c37343
_d37343